1976 1804 1822 1843 1040 1537 1956 1851 1255 1219 1422 1605 1402 1822 1739 1253 1464 1483 1830 1026 1728 1004 1647 1930 1580 1655 1129 1936 1791 1910 1188 1244 1220 1939 1053 1920 1529 1466 1781 1078 1544 1362 1994 1203 1055 1314 1275 1896 1286 1545 1799 1121 1389 1504 1983 1530 1315 1198 1190 1094 1514 1490 1967 1285 1219 1593 1296 1345 1302 1856 1431 1811 1277 1056 1411 1714 1558 1716 1588 1779 1832 1825 1086 1814 1019 1673 1053 1197 1494 1799 1403 1832 1715 1487 1548 1110 1636 1508 1105 BCNSPRNW ULIB Ver.6.0+V

เปลี่ยนเป็นภาษาไทย

Change to English
 แสดงรายละเอียดบรรณานุกรม
  กลับหน้าหลัก

Brief Record : Get Marc (ISO 2709) : E-mail record : QR code < ปิดหน้าต่าง
LEADER : 00000nam 2200000uu 4500
001    13399124106
003     ULIB
008    150118s2556||||th 000 0 tha d
020    ^a9786163359421
060  4 ^aWI300^bค152
110 1  ^aจุฬาลงกรณ์มหาวิทยาลัย^bคณะแพทยศาสตร์^bภาควิชาอายุรศาสตร์
245 10 ^aครบชัดลึกเรื่อง...ปวดท้อง/^cภาควิชาอายุรศาสตร์ คณะแพทยศาสตร์ จุฬาลงกรณ์มหาวิทยาลัย
246 0  ^aครบ ชัด ลึก เรื่อง...ปวดท้อง
260    ^aกรุงเทพฯ :^bวีพริ้น^c2556.
300    ^a155 หน้า :^bภาพประกอบ
650  7 ^aกระเพาะอาหาร, โรค
650  7 ^aกระเพาะอาหาร, โรค^xการรักษา
945    ^p190^l0^i038353
945    ^p190^l0^i038354
945    ^p190^l0^i038355
945    ^p190^l0^i038356
945    ^p190^l0^i038357
999    ^aเกษร โพธิ์สุวรรณ
รายการนี้ยังไม่มีแท็ก
คุณยังไม่ได้ล็อกอิน คุณสามารถมีกิจกรรมร่วมกับเว็บไซต์ได้ แต่ต้องล็อกอินก่อน ::
  ล็อกอิน

รายการสื่อสารสนเทศ

ลำดับที่ ประเภท เลขเรียก/บาร์โค้ด สถานที่ สถานะ
1. วิทยาศาสตร์การแพทย์ และสุขภาพ
หนังสือสำรอง
สถานะ=หนังสือสำรอง
WI300 ค152 ฉ.1 
  Barcode: 038353
ห้องสมุดวิทยาเขตสวรรค์ประชารักษ์
►ส่วนจัดเก็บหนังสือเก่า สปร
บนชั้น
  ขอยืม
2. วิทยาศาสตร์การแพทย์ และสุขภาพ
วิทยาศาสตร์การแพทย์ และสุขภาพ
WI300 ค152 ฉ.2 
  Barcode: 038354
ห้องสมุดวิทยาเขตสวรรค์ประชารักษ์
►ส่วนจัดเก็บหนังสือเก่า สปร
บนชั้น
  ขอยืม
3. วิทยาศาสตร์การแพทย์ และสุขภาพ
วิทยาศาสตร์การแพทย์ และสุขภาพ
WI300 ค152 ฉ.3 
  Barcode: 038355
ห้องสมุดวิทยาเขตสวรรค์ประชารักษ์
►ส่วนจัดเก็บหนังสือเก่า สปร
บนชั้น
  ขอยืม
4. วิทยาศาสตร์การแพทย์ และสุขภาพ
วิทยาศาสตร์การแพทย์ และสุขภาพ
WI300 ค152 ฉ.4 
  Barcode: 038356
ห้องสมุดวิทยาเขตสวรรค์ประชารักษ์
►ส่วนจัดเก็บหนังสือเก่า สปร
บนชั้น
  ขอยืม
5. วิทยาศาสตร์การแพทย์ และสุขภาพ
วิทยาศาสตร์การแพทย์ และสุขภาพ
WI300 ค152 ฉ.5 
  Barcode: 038357
ห้องสมุดวิทยาเขตสวรรค์ประชารักษ์
►ส่วนจัดเก็บหนังสือเก่า สปร
บนชั้น
  ขอยืม

รายการใกล้เคียง
    หัวเรื่อง [กระเพาะอาหาร, โรค]

BibComment


ยังไม่เคยถูกคอมเมนท์

คอมเมนท์ทรัพยากรรายการนี้
  คอมเมนท์: ครบชัดลึกเรื่องป..


 Copyright 2026. Bcnsprnw @Library